Engineering Mathematics for GATE (Record no. 12578)
[ view plain ]
| 000 -LEADER | |
|---|---|
| fixed length control field | 00416nam a22001817a 4500 |
| 003 - CONTROL NUMBER IDENTIFIER | |
| control field | OSt |
| 008 - FIXED-LENGTH DATA ELEMENTS--GENERAL INFORMATION | |
| fixed length control field | 240429b |||||||| |||| 00| 0 eng d |
| 020 ## - INTERNATIONAL STANDARD BOOK NUMBER | |
| International Standard Book Number | 9789355019073 |
| 082 ## - DEWEY DECIMAL CLASSIFICATION NUMBER | |
| Classification number | 510 DAE |
| 100 ## - MAIN ENTRY--PERSONAL NAME | |
| Personal name | DASS,HK |
| 245 ## - TITLE STATEMENT | |
| Title | Engineering Mathematics for GATE |
| 250 ## - EDITION STATEMENT | |
| Edition statement | 1st ED |
| 260 ## - PUBLICATION, DISTRIBUTION, ETC. (IMPRINT) | |
| Place of publication, distribution, etc | New Delhi |
| Name of publisher, distributor, etc | S.Chand |
| Date of publication, distribution, etc | 2024 |
| 300 ## - PHYSICAL DESCRIPTION | |
| Extent | 604 |
| 700 ## - ADDED ENTRY--PERSONAL NAME | |
| Personal name | VERMA,Rama |
| 700 ## - ADDED ENTRY--PERSONAL NAME | |
| Personal name | VERMA,Rajnish |
| 942 ## - ADDED ENTRY ELEMENTS (KOHA) | |
| Source of classification or shelving scheme | Dewey Decimal Classification |
| Koha item type | Text Books |
| Withdrawn status | Lost status | Source of classification or shelving scheme | Damaged status | Not for loan | Collection code | Home library | Current library | Date acquired | Source of acquisition | Currency | Cost, normal purchase price | Bill Number | Total Checkouts | Full call number | Acc. no. / Barcode | Date last seen | Actual Cost, discounted price | Bill Date | Koha item type | Date last borrowed |
|---|---|---|---|---|---|---|---|---|---|---|---|---|---|---|---|---|---|---|---|---|
| Dewey Decimal Classification | GENERAL | PIET C-LIBRARY | PIET C-LIBRARY | 30/03/2024 | Zafaa Books and Distributors | In rupees | 795.00 | ZBD0481 | 510 DAE | 36571 | 29/04/2024 | 556.50 | 30/03/2024 | Reference Books | ||||||
| Dewey Decimal Classification | GENERAL | PIET C-LIBRARY | PIET C-LIBRARY | 30/03/2024 | Zafaa Books and Distributors | In rupees | 795.00 | ZBD0481 | 1 | 510 DAE | 36572 | 31/12/2025 | 556.50 | 30/03/2024 | Text Books | 20/11/2025 | ||||
| Dewey Decimal Classification | GENERAL | PIET C-LIBRARY | PIET C-LIBRARY | 30/03/2024 | Zafaa Books and Distributors | In rupees | 795.00 | ZBD0481 | 510 DAE | 36573 | 29/04/2024 | 556.50 | 30/03/2024 | Text Books |